Die Ordnung der Praxis. Neue Studien zur spanischen Spätscholastik
Na minha lista:
| Main Authors: | , |
|---|---|
| Formato: | Livro |
| Publicado em: |
Tübingen, Deutschland:
Max Niemeyer,
2001.
|
| Colecção: | Frühe Neuzeit,
|
| Assuntos: | |
| Tags: |
Adicionar Tag
Sem tags, seja o primeiro a adicionar uma tag!
|
MARC
| LEADER | 00000nam a22000007a 4500 | ||
|---|---|---|---|
| 003 | CL-VaPUC | ||
| 005 | 20220822114835.0 | ||
| 008 | 220808t2001 ||||| |||| 00| 0 eng d | ||
| 999 | |c 438103 |d 438101 | ||
| 020 | |a 3-484-36568-4 | ||
| 040 | |c Pontificia Universidad Católica de Valparaíso | ||
| 082 | 7 | |a 196 GRU 2001 |2 22 | |
| 100 | 1 | |a Grunert, Frank |e author |9 875094 | |
| 245 | |a Die Ordnung der Praxis. |b Neue Studien zur spanischen Spätscholastik | ||
| 260 | |a Tübingen, Deutschland: |b Max Niemeyer, |c 2001. | ||
| 300 | |a 466 páginas. | ||
| 490 | |a Frühe Neuzeit, |n 68. | ||
| 500 | |a c.1 Donación Familia Prof. Alejandro Guzmán Brito. | ||
| 583 | |c 20220808 |k Cristina María Rojas Aguilar | ||
| 650 | |a Escolástica |z España |x Congresos |9 875095 | ||
| 650 | |a Filosofía medieval |9 256245 | ||
| 700 | |a Seelmann, Kurt |e author |9 875096 | ||
| 942 | |2 ddc |c BK |n 0 | ||
| 952 | |0 0 |1 0 |2 ddc |4 0 |6 196_000000000000000_GRU_2001 |7 1 |8 C_AGB |9 585984 |a BIBDER |b BIBDER |d 2022-08-08 |e Donación |i 5653897 |o 196 GRU 2001 |p 5653897 |r 2023-01-25 |t 1 |w 2022-08-08 |y BK_US |k AGB | ||